| 000 | 00888nmc a2200337 a 4500 | ||
|---|---|---|---|
| 003 | AR-BaBNM | ||
| 005 | 20251128205716.0 | ||
| 008 | 028019s1996 ||||||||||||||000 | spa|| | ||
| 020 | _a84-7960-170-1 | ||
| 040 | _cAR-BaBNM | ||
| 100 | 1 | _aDíez Navarro, Carmen | |
| 245 | 1 | 0 | _aProyectando otra escuela |
| 250 | _a1ª ed. | ||
| 260 |
_aMadrid _bEdiciones de la Torre _c1996 |
||
| 300 |
_a205 p. _bil. |
||
| 490 | 0 |
_aProyecto didáctico Quirón. Organización escolar _vv. 35 |
|
| 504 | _aBibliografía: p. 203-205 | ||
| 600 | 1 | 4 | _aPiaget, Jean |
| 650 | 4 | _aAPRENDIZAJE | |
| 650 | 4 | _aEDUCACION DEL NINO | |
| 650 | 4 | _aESCUELAS | |
| 650 | 4 | _aLEGISLACION | |
| 650 | 4 | _aPRACTICA PEDAGOGICA | |
| 650 | 4 | _aUTOPIA | |
| 651 | 4 | _aEspaña | |
| 653 | _aINNOVACIONES EDUCATIVAS | ||
| 653 | _aCOMUNIDAD EDUCATIVA | ||
| 653 | _aNIVEL INICIAL | ||
| 942 | _cBK | ||
| 998 | _carturo | ||
| 999 |
_c12496 _d12496 |
||